[Event "Pan American-ch School U17 12th"]
[Site "Callao"]
[Date "2023.10.18"]
[Round "5"]
[White "Vasquez Alva, Marco Joaquin"]
[Black "Huallpa Fernandez, Hector Manuel"]
[Result "0-1"]
[WhiteElo "1116"]
[BlackElo "1643"]
[PlyCount "76"]
[EventDate "2023.10.16"]
[EventType "swiss"]
[EventRounds "9"]
[EventCountry "PER"]
[SourceTitle "Mega2024 Update 01"]
[Source "Chessbase"]
[SourceDate "2023.11.12"]
[SourceVersion "1"]
[SourceVersionDate "2023.11.12"]
[SourceQuality "1"]

1. d4 Nf6 2. Nf3 b6 3. Bf4 Bb7 4. Nbd2 e6 5. e3 Be7 6. h3 0-0 7. Bd3 c5 8. c3 d6 9. Qc2 Nbd7 10. Rg1 Qc7 11. g4 e5 12. Bg5 c4 13. Bxh7+ Nxh7 14. Bxe7 Rfe8 15. Bh4 exd4 16. Nxd4 Ne5 17. 0-0-0 Qc5 18. Kb1 b5 19. Bg3 Nd3 20. Ne2 Ng5 21. h4 Nf3 22. Rgf1 a5 23. Nc1 Nxd2+ 24. Qxd2 b4 25. Ka1 Bf3 26. Nxd3 cxd3 27. Rc1 Be2 28. Rfe1 b3 29. axb3 Reb8 30. Bxd6 Qxd6 31. Rxe2 Ra6 32. Ree1 Rab6 33. Red1 Rxb3 34. c4 Qc6 35. Ka2 Qa4+ 36. Kb1 Qa3 37. Rc3 Rxb2+ 38. Qxb2 Qxb2# 0-1